Đinh Tiên Hoàng và quan hệ đối ngoại thời Đinh /

Zapisane w:
Opis bibliograficzny
1. autor: Nguyễn Văn Kim.
Format: Artykuł
Język:Vietnamese
Hasła przedmiotowe:
Etykiety: Dodaj etykietę
Nie ma etykietki, Dołącz pierwszą etykiete!
Thư viện lưu trữ: Thư viện Trường Đại học Đà Lạt
LEADER 00810nam a2200277 4500
001 DLU180187231
005 ##20180920
040 # # |a DLU  |b vie 
041 # # |a vie 
044 # # |a vn 
100 # # |a Nguyễn Văn Kim. 
245 # # |a Đinh Tiên Hoàng và quan hệ đối ngoại thời Đinh /  |c Nguyễn Văn Kim. 
653 # # |a Đinh Tiên Hoàng 
653 # # |a Lịch sử trung đại 
653 # # |a Nhà Đinh 
653 # # |a Quan hệ ngoại giao 
773 # # |t Nghiên cứu lịch sử  |g Số 12(500), 2017, tr. 3-13 
920 # # |a Phòng Tạp chí -- Trung tâm Thông tin - Thư viện Trường Đại học Đà Lạt 
994 # # |a DLU 
900 # # |a True 
911 # # |a Nguyễn Thị Thu Phương 
925 # # |a G 
926 # # |a A 
927 # # |a BB 
980 # # |a Thư viện Trường Đại học Đà Lạt